000 00459nam a2200181Ia 4500
005 20240823010552.0
008 240823s9999||||xx |||||||||||||| ||und||
041 _aENGLISH
082 _A658.3 N9
100 _aBhatia S K
245 0 _aPersonnel Management/Human Resource Management
250 _a1st
260 _c1999
_b"Deep and Deep,New Delhi"
500 _aTRANSFERED
650 _aManagement
_bManagement Studies
942 _cBK
999 _c159007
_d159007